[Event "GER-chT U16"]
[Site "Aurich"]
[Date "2018.12.29"]
[Round "5.3"]
[White "Ganjali, Aska"]
[Black "Rajendram, Reanosh"]
[Result "0-1"]
[WhiteElo "1290"]
[BlackElo "1579"]
[PlyCount "42"]
[EventDate "2018.12.27"]
[EventType "team-swiss"]
[EventRounds "7"]
[EventCountry "GER"]
[SourceTitle "CBM 188 Extra"]
[Source "ChessBase"]
[SourceDate "2019.02.26"]
[SourceVersion "1"]
[SourceVersionDate "2019.02.26"]
[SourceQuality "1"]
[WhiteTeam "Gernsbach"]
[BlackTeam "Aurich"]
[WhiteTeamCountry "GER"]
[BlackTeamCountry "GER"]

1. e4 c5 2. Nf3 Nc6 3. Nc3 d6 4. d4 cxd4 5. Nxd4 e5 6. Nxc6 bxc6 7. Bc4 Nf6 8. Bg5 Be7 9. Bxf6 Bxf6 10. 0-0 0-0 11. Qd3 Be7 12. h3 Kh8 13. Rfd1 f5 14. f3 Rf6 15. Bb3 f4 16. Kh2 Rh6 17. Ne2 Qb6 18. Rg1 Bxh3 19. gxh3 Qf2+ 20. Rg2 Rxh3+ 21. Kxh3 Qh4# 0-1

[Event "GER-chT U16"]
[Site "Lingen"]
[Date "2015.12.27"]
[Round "1.4"]
[White "Hoppe, Andreas"]
[Black "Rajendram, Reanosh"]
[Result "0-1"]
[WhiteElo "1799"]
[BlackElo "1387"]
[PlyCount "76"]
[EventDate "2015.12.27"]
[EventType "team-swiss"]
[EventRounds "7"]
[EventCountry "GER"]
[SourceTitle "EXT 2017"]
[Source "ChessBase"]
[SourceDate "2016.10.25"]
[SourceVersion "1"]
[SourceVersionDate "2016.10.25"]
[SourceQuality "1"]
[WhiteTeam "Hagen"]
[BlackTeam "Aurich"]
[WhiteTeamCountry "GER"]
[BlackTeamCountry "GER"]

1. e4 c5 2. Nf3 Nc6 3. d4 cxd4 4. Nxd4 Nf6 5. Nc3 e5 6. Ndb5 d6 7. Bg5 a6 8. Na3 b5 9. Bxf6 gxf6 10. Nd5 Bg7 11. Qd2 0-0 12. c4 b4 13. Nxb4 Nxb4 14. Qxb4 Ra7 15. 0-0-0 Rd7 16. Be2 a5 17. Qd2 Qb6 18. f3 Rb7 19. Nb5 Rd8 20. Qc3 f5 21. Rd3 Be6 22. Rhd1 Bf8 23. a4 Rbb8 24. b3 Rb7 25. Qd2 Rbd7 26. Qg5+ Bg7 27. exf5 f6 28. Qg4 Bf7 29. f4 Qc5 30. Rg3 Be8 31. fxe5 dxe5 32. Nd6 h5 33. Qe4 Rxd6 34. Rxd6 Qxd6 35. Rd3 Qa3+ 36. Kc2 Rxd3 37. Qxd3 Qc5 38. Qd8 Kf8 0-1

[Event "GER-chT U12"]
[Site "Verden"]
[Date "2014.12.28"]
[Round "3.2"]
[White "Gkegkas, Viktor"]
[Black "Rajendram, Reanosh"]
[Result "1/2-1/2"]
[WhiteElo "1133"]
[BlackElo "1249"]
[PlyCount "98"]
[EventDate "2014.12.27"]
[EventType "team-swiss"]
[EventRounds "7"]
[EventCountry "GER"]
[SourceTitle "EXT 2016"]
[Source "ChessBase"]
[SourceDate "2015.10.08"]
[SourceVersion "1"]
[SourceVersionDate "2015.10.08"]
[SourceQuality "1"]
[WhiteTeam "Heitersheim"]
[BlackTeam "Aurich"]
[WhiteTeamCountry "GER"]
[BlackTeamCountry "GER"]

1. e4 c5 2. Nf3 Nc6 3. c3 Nf6 4. d3 e6 5. Bg5 Be7 6. Nbd2 0-0 7. Bxf6 Bxf6 8. Be2 d5 9. exd5 exd5 10. 0-0 Qb6 11. Qc1 Re8 12. Bd1 Bf5 13. Bc2 Be6 14. Bb3 Rac8 15. Re1 d4 16. Bxe6 fxe6 17. Nc4 Qc7 18. cxd4 cxd4 19. Qd2 b5 20. Na3 a6 21. Rac1 Qd7 22. Nc2 e5 23. Nb4 Nxb4 24. Rxc8 Rxc8 25. Qxb4 Qc7 26. h3 h6 27. Qb3+ Kh7 28. Qe6 Qc2 29. Qxa6 Rd8 30. Qxb5 Rd6 31. a4 Qc8 32. a5 Ra6 33. b4 Qa8 34. Qa4 Bd8 35. Ra1 e4 36. dxe4 Qxe4 37. b5 Rxa5 38. Qd1 Rxa1 39. Qxa1 Qd5 40. Qxd4 Qa8 41. Qd3+ Kh8 42. Qb1 Bc7 43. Nd4 Qd5 44. Nf3 Qd6 45. Qb3 Qf6 46. Qb1 Kg8 47. Qb3+ Kh8 48. Qb1 Qd6 49. Qb3 Qf6 1/2-1/2

[Event "GER-chT U12"]
[Site "Verden"]
[Date "2014.12.27"]
[Round "2.2"]
[White "Rajendram, Reanosh"]
[Black "Pysarenko, Kyrill"]
[Result "0-1"]
[WhiteElo "1249"]
[BlackElo "1408"]
[PlyCount "44"]
[EventDate "2014.12.27"]
[EventType "team-swiss"]
[EventRounds "7"]
[EventCountry "GER"]
[SourceTitle "EXT 2016"]
[Source "ChessBase"]
[SourceDate "2015.10.08"]
[SourceVersion "1"]
[SourceVersionDate "2015.10.08"]
[SourceQuality "1"]
[WhiteTeam "Aurich"]
[BlackTeam "Berlin Empor"]
[WhiteTeamCountry "GER"]
[BlackTeamCountry "GER"]

1. e4 c5 2. Nf3 a6 3. d4 cxd4 4. Nxd4 d6 5. Nc3 e6 6. Be3 Nf6 7. Qe2 b5 8. 0-0-0 Bb7 9. Kb1 b4 10. Na4 Nxe4 11. Nb3 Nd7 12. f3 Nef6 13. g4 Nxg4 14. Rg1 Nxe3 15. Qxe3 Bc6 16. Nd4 Bxa4 17. b3 Bb5 18. f4 Ba4 19. bxa4 Nc5 20. Nc6 Qc7 21. Nxb4 Rb8 22. Rg2 Rxb4+ 0-1

[Event "GER-chT North U12"]
[Site "Magdeburg"]
[Date "2014.09.14"]
[Round "7.2"]
[White "Kibenko, Dimitrij"]
[Black "Rajendram, Reanosh"]
[Result "0-1"]
[WhiteElo "1156"]
[BlackElo "1322"]
[PlyCount "76"]
[EventDate "2014.09.11"]
[EventType "team-swiss"]
[EventRounds "7"]
[EventCountry "GER"]
[SourceTitle "EXT 2016"]
[Source "ChessBase"]
[SourceDate "2015.10.08"]
[SourceVersion "1"]
[SourceVersionDate "2015.10.08"]
[SourceQuality "1"]
[WhiteTeam "Bemerode"]
[BlackTeam "Aurich"]
[WhiteTeamCountry "GER"]
[BlackTeamCountry "GER"]

1. e4 c5 2. Nc3 Nc6 3. f4 e6 4. Nf3 d5 5. exd5 exd5 6. d3 Nf6 7. b3 Be7 8. Bb2 0-0 9. Qd2 Re8 10. 0-0-0 Qc7 11. g3 Bd6 12. h4 Bg4 13. Bg2 b5 14. Nxb5 Qd8 15. Nxd6 Qxd6 16. Qf2 Rad8 17. Bh3 Bxh3 18. Rxh3 Ng4 19. Qd2 Qd7 20. Rhh1 Ne7 21. Rdf1 Nf5 22. Ne5 Nxe5 23. fxe5 Nxg3 24. Qg5 Nxf1 25. e6 fxe6 26. Rxf1 Rf8 27. Rg1 Rf7 28. Be5 Qe7 29. Qg4 Rdf8 30. Kb2 Re8 31. h5 Ref8 32. h6 g6 33. Qh5 Rd8 34. Rxg6+ hxg6 35. Qxg6+ Kf8 36. Bg7+ Rxg7 37. Qxg7+ Qxg7+ 38. hxg7+ Kxg7 0-1

[Event "GER-chT North U12"]
[Site "Magdeburg"]
[Date "2014.09.12"]
[Round "4.2"]
[White "Kurzweil, Nalani"]
[Black "Rajendram, Reanosh"]
[Result "1/2-1/2"]
[WhiteElo "1171"]
[BlackElo "1322"]
[PlyCount "81"]
[EventDate "2014.09.11"]
[EventType "team-swiss"]
[EventRounds "7"]
[EventCountry "GER"]
[SourceTitle "EXT 2016"]
[Source "ChessBase"]
[SourceDate "2015.10.08"]
[SourceVersion "1"]
[SourceVersionDate "2015.10.08"]
[SourceQuality "1"]
[WhiteTeam "Ruedersdorf"]
[BlackTeam "Aurich"]
[WhiteTeamCountry "GER"]
[BlackTeamCountry "GER"]

1. Nc3 c5 2. g3 e6 3. Bg2 g6 4. Nf3 Bg7 5. b3 Ne7 6. Bb2 a6 7. d3 Nbc6 8. e4 0-0 9. 0-0 d5 10. exd5 exd5 11. Qd2 Re8 12. Rfe1 Bg4 13. h3 Bxf3 14. Bxf3 Qa5 15. Re2 Qd8 16. Rae1 Qd7 17. Na4 Bxb2 18. Nxb2 Nd4 19. Re3 Nef5 20. Rxe8+ Rxe8 21. Rxe8+ Qxe8 22. Bxd5 Qd7 23. Bg2 b5 24. c3 Nc6 25. Qf4 Nd8 26. Qf3 Qe7 27. Qe4 Ne6 28. Qa8+ Kg7 29. Qxa6 Qg5 30. Bf3 Nf4 31. Bg4 Nd5 32. Bxf5 gxf5 33. Qxb5 Qc1+ 34. Kg2 Qxb2 35. Qxc5 Nxc3 36. Qe5+ Kg6 37. Qd6+ f6 38. Qf8 h5 39. Qg8+ Kh6 40. Qh8+ Kg6 41. Qg8+ 1/2-1/2

[Event "Niedersachsen-ch U12"]
[Site "Norderney"]
[Date "2014.04.14"]
[Round "6"]
[White "Stelmaszyk, Nico"]
[Black "Rajendram, Reanosh"]
[Result "1-0"]
[WhiteElo "1231"]
[BlackElo "1100"]
[PlyCount "101"]
[EventDate "2014.04.??"]
[EventType "swiss"]
[EventRounds "11"]
[EventCountry "GER"]
[SourceTitle "EXT 2017"]
[Source "ChessBase"]
[SourceDate "2016.10.25"]
[SourceVersion "1"]
[SourceVersionDate "2016.10.25"]
[SourceQuality "1"]

1. e4 c5 2. c4 Nc6 3. Nc3 Nf6 4. g3 e6 5. Bg2 d5 6. cxd5 exd5 7. Nxd5 Nxd5 8. exd5 Nb4 9. d3 Bf5 10. Be4 Qe7 11. Qe2 Nxd3+ 12. Bxd3 Bxd3 13. Qxe7+ Bxe7 14. f3 0-0-0 15. Kf2 Rxd5 16. Be3 Rdd8 17. Ne2 b6 18. Rac1 Kb7 19. Rhe1 Rhe8 20. Nf4 Ba6 21. b3 g6 22. Rcd1 Rxd1 23. Rxd1 Rd8 24. Nd5 Bf8 25. Rd2 c4 26. Nc3 Rxd2+ 27. Bxd2 Bc5+ 28. Be3 Bxe3+ 29. Kxe3 Kc6 30. Kd4 cxb3 31. axb3 Bb7 32. f4 b5 33. b4 Kb6 34. Ke5 a5 35. bxa5+ Kxa5 36. Kf6 b4 37. Na2 b3 38. Nc1 b2 39. Nb3+ Kb4 40. Nd2 Kc3 41. Nb1+ Kc2 42. Na3+ Kb3 43. Nb1 Be4 44. Nd2+ Ka2 45. Nxe4 b1Q 46. Nc3+ Kb2 47. Nxb1 Kxb1 48. Kxf7 Kc2 49. Kg7 Kd3 50. Kxh7 Ke4 51. Kxg6 1-0

[Event "Niedersachsen-ch op-B"]
[Site "Verden"]
[Date "2014.01.02"]
[Round "1"]
[White "Rajendram, Reanosh"]
[Black "Hinzke, Anna Lena"]
[Result "1-0"]
[WhiteElo "1107"]
[BlackElo "1529"]
[PlyCount "47"]
[EventDate "2014.01.02"]
[EventType "swiss"]
[EventRounds "7"]
[EventCountry "GER"]
[SourceTitle "EXT 2016"]
[Source "ChessBase"]
[SourceDate "2015.10.08"]
[SourceVersion "1"]
[SourceVersionDate "2015.10.08"]
[SourceQuality "1"]

1. e4 e6 2. d4 d5 3. exd5 exd5 4. c4 Nf6 5. Nf3 Bg4 6. Nc3 c6 7. Bd3 Nbd7 8. 0-0 Be7 9. Bf4 dxc4 10. Bxc4 Nb6 11. Bb3 0-0 12. Qd3 c5 13. Ne2 Rc8 14. Rac1 Nh5 15. Bc2 g6 16. Bh6 Re8 17. Bb3 cxd4 18. Ne5 Bxe2 19. Bxf7+ Kh8 20. Qxe2 Rxc1 21. Rxc1 Bg5 22. Bxe8 Bxc1 23. Nf7+ Kg8 24. Nxd8 1-0

[Event "Niedersachsen-ch U10"]
[Site "Rotenburg"]
[Date "2013.03.27"]
[Round "8"]
[White "Mimkes, Pavel"]
[Black "Rajendram, Reanosh"]
[Result "1/2-1/2"]
[WhiteElo "738"]
[BlackElo "921"]
[PlyCount "108"]
[EventDate "2013.03.23"]
[EventType "swiss"]
[EventRounds "11"]
[EventCountry "GER"]
[SourceTitle "EXT 2015"]
[Source "ChessBase"]
[SourceDate "2014.11.20"]
[SourceVersion "1"]
[SourceVersionDate "2014.11.20"]
[SourceQuality "1"]

1. e4 c5 2. d4 cxd4 3. c3 d3 4. Bxd3 e5 5. Nf3 Nc6 6. 0-0 Nf6 7. Bg5 h6 8. Bh4 Be7 9. Bxf6 Bxf6 10. Bb5 0-0 11. Nbd2 a6 12. Bxc6 bxc6 13. Nc4 d5 14. exd5 cxd5 15. Ncxe5 Bxe5 16. Nxe5 Qg5 17. Nf3 Qg6 18. Qxd5 Bh3 19. Nh4 Qg4 20. Qf3 Qxf3 21. Nxf3 Be6 22. a3 f5 23. Nd4 Bc8 24. Rfe1 Rf6 25. Re2 Bb7 26. Rae1 Rg6 27. g3 f4 28. Re8+ Rxe8 29. Rxe8+ Kh7 30. c4 fxg3 31. fxg3 a5 32. b4 Rf6 33. b5 Rd6 34. Rb8 Rxd4 35. Rxb7 Rxc4 36. Kf2 Rc2+ 37. Ke3 Rxh2 38. b6 Rh3 39. Kf4 Rh1 40. Rc7 Rb1 41. b7 h5 42. Ke5 Kh6 43. Kd6 g5 44. Kd7 h4 45. Kc8 h3 46. b8Q Rxb8+ 47. Kxb8 h2 48. Rc1 Kh5 49. Rh1 Kg4 50. Rxh2 Kxg3 51. Ra2 Kh3 52. Kc7 g4 53. Kd6 g3 54. Ke5 g2 1/2-1/2